000
00322nam a22001337a 4500
008
171107b xxu||||| |||| 00| 0 eng d
020
_a
9780273790013
041
_a
eng
080
_2
16TH
_a
330.722.6
100
_a
62
101
_a
KON
245
_a
INTRODUCTION TO MANAGEMENT ACCOUNTING
_c
HORNGREN,CH,T
942
_2
udc
_c
BK
999
_c
37973
_d
37973